Trouvez les marques - A - Statistiques

Statistiques générales
  • Ce quiz a été pris 164 fois
    112 depuis la dernière actualisation
  • Le résultat moyen est 19 sur 30
Statistiques - réponses
Par images Hint Réponse % Correct
E-commerce Amazon
100%
Informatique Apple
100%
Articles de sport Adidas
97%
Grande distribution Auchan
96%
Hard-Discount Aldi
91%
Automobile Audi
91%
Système d'exploitation des téléphones Androïd
90%
Location Airbnb
80%
Compagnie Aérienne Air France
80%
Moyens de paiement American Express
80%
Assurance Axa
80%
Discount Action
79%
Articles de sport Asics
78%
Automobile Alfa Romeo
71%
Opticien Atol
69%
Logiciels informatiques Adobe
67%
Produits de sport Air Jordan
67%
Alimentaire Amora
66%
Assurance Allianz
65%
Opticien Alain Afflelou
64%
Automobile Aston Martin
60%
Informatique Asus
59%
Articles de sport Airness
52%
Produits laitiers Activia
48%
Informatique Acer
42%
Compagnie Aérienne et Spatiale Airbus
31%
Hôtellerie AccorHotels
17%
Parapharmacie Avène
12%
Jeux vidéo Ataris
7%
Compagnie pétrolière Agip
6%
Aucun quiz correspondant
Distribution des résultats
% des personnes avec chaque résultat
Percentile par nombre de réponses
Votre historique - résultats
Vous n’avez pas pris ce quiz depuis la dernière actualisation